🎶 Paroles "Obsolète" MC Solaar - Statistiques

Statistiques générales
  • Ce quiz a été pris 55 fois
  • Le résultat moyen est 235 sur 374
Statistiques - réponses
Mots % Correct
a
100%
à
100%
A
100%
A"
100%
d'
100%
de
100%
et
100%
Et
100%
m'
100%
ma
100%
Oh
100%
s'
100%
shit !
100%
Solaar
100%
solit'
100%
au
95%
des
95%
l'
95%
L'
95%
" L'
95%
La
95%
la
95%
Le
95%
le
95%
n'
95%
Paris
95%
Prost
95%
qu'
95%
qui
95%
Qui
95%
t'
95%
Costes
90%
j'
90%
" J'
90%
les
90%
Les
90%
Obsolète
90%
obsolète
90%
B
85%
elle
85%
Elle
85%
est
85%
Je
85%
je
85%
mais
85%
Mais
85%
pas
85%
se
85%
te
85%
en
80%
il
80%
Il
80%
me
80%
mon
80%
on
80%
pour
80%
Pour
80%
sa
80%
y
80%
Y
80%
que
75%
Que
75%
son
75%
tout,
75%
Tout
75%
Dans
70%
dans
70%
dit
70%
Halles
70%
plus
70%
suis
70%
aussi
65%
ces
65%
était
65%
homme
65%
ils
65%
quand
65%
sur
65%
un
65%
Une
65%
une
65%
sont
60%
Sont
60%
aime
55%
air
55%
allumeuse
55%
comme
55%
main
55%
par
55%
passé
55%
passé,
55%
"Passe
55%
Ses
55%
avait
50%
avec
50%
beau
50%
paie
50%
Portait
50%
prend
50%
prendre"
50%
pur,
50%
reste
50%
télé
50%
ton
50%
ville
50%
bas
45%
centimes
45%
confitures
45%
empestait
45%
estime
45%
films
45%
Grand
45%
nature"
45%
nous
45%
patchouli
45%
rendus
45%
résille
45%
série
45%
services
45%
tes
45%
vitesse
45%
yeux
45%
agenda
40%
cette
40%
étaient
40%
mes
40%
nom
40%
omelette
40%
oublié
40%
ouvriers
40%
Puis,
40%
Puis
40%
quinze
40%
remplacé
40%
sandwichs
40%
starlette
40%
stoïque
40%
tend
40%
allégorie
35%
constate
35%
décembre
35%
délectation
35%
dont
35%
entre
35%
file
35%
intellect
35%
madeleines
35%
manger
35%
manie
35%
mate,
35%
métro
35%
mic'
35%
Miss
35%
mois
35%
place
35%
rime
35%
speakerines
35%
trois
35%
abuse
30%
augmente
30%
autos
30%
Ceci
30%
concierges
30%
cuisses
30%
Désormais
30%
digicodes
30%
double
30%
endormeuse
30%
être
30%
nombre
30%
parcmètres
30%
phrase
30%
plissent
30%
séries
30%
stylée
30%
suivra
30%
téléphone
30%
ticket
30%
vogue
30%
voyais
30%
zic
30%
affection
25%
arbalète
25%
art
25%
avance
25%
bilboquet
25%
cible
25%
décennies
25%
depuis
25%
élite
25%
glisse,
25%
hydromel
25%
immisce,
25%
inquiète !
25%
lisses
25%
Manitou,
25%
musique
25%
obsolètes
25%
omniprésent
25%
piécettes
25%
pique
25%
possède
25%
présence
25%
ralenti
25%
raquette
25%
rayon
25%
revient
25%
rôle
25%
sache
25%
States
25%
"Stop
25%
supplantées
25%
alite
20%
balle,
20%
basse
20%
Bref
20%
Bref,
20%
capte
20%
cinémathèques,
20%
clair
20%
classées
20%
désuètes
20%
Douce
20%
élabore
20%
galipettes
20%
hypothèque
20%
inscrit
20%
italique
20%
joue
20%
Naguère
20%
trucs
20%
vice"
20%
accompagne
15%
démasque
15%
masque
15%
net
15%
oreillette
15%
presque
15%
top
15%
variét'
15%
ventricule
15%
acoquine
10%
oreilles
10%
plaquent
10%
Aucun quiz correspondant
Distribution des résultats
% des personnes avec chaque résultat
Percentile par nombre de réponses
Votre historique - résultats
Vous n’avez pas pris ce quiz